Anatomía dental (Registro nro. 8248)
[ vista simple ]
| 000 -Cabecera | |
|---|---|
| Campo de control de longitud fija | 00876ata a2200337 4500 |
| 005 - Fecha y hora de la última transacción | |
| Campo de control | 20251104160653.0 |
| 008 - Elementos de longitud fija--Información general | |
| Campo de control de longitud fija | 150526b2014 xxu||||| |||| 00| 0 spa d |
| 020 ## - International Standard Book Number | |
| Número Internacional Estándar del Libro (ISBN) | 9786074484281 |
| 041 ## - Idioma | |
| Código de idioma | Español |
| 082 ## - Clasificación Decimal Dewey | |
| Número de clasificación | 611.314 R585a3 |
| 100 ## - Entrada principal--Autor personal | |
| Nombre personal | Riojas Garza, María Teresa |
| 9 (RLIN) | 10900 |
| 245 ## - Título propiamente dicho | |
| Título | Anatomía dental |
| 250 ## - Edición | |
| Mención de edición | 3 edición |
| 260 ## - Pie de imprenta | |
| Lugar de publicación, distribución, etc. | México |
| 260 ## - Pie de imprenta | |
| Nombre del editor, distribuidor, etc. | Manual Moderno |
| 260 ## - Pie de imprenta | |
| Fecha de publicación, distribución, etc. | 2014 |
| 300 ## - Descripción física | |
| Extensión | 210 páginas |
| 300 ## - Descripción física | |
| Otras características físicas | Ilustraciones a blanco y negro |
| 490 ## - Serie | |
| Título de la Serie | Mecánica Dental |
| 650 ## - Materia general | |
| Temática (materia general) | ANATOMÍA DENTAL |
| 650 ## - Materia general | |
| Temática (materia general) | DENTICIONES |
| 650 ## - Materia general | |
| Temática (materia general) | CLASIFICACIÓN DE LA DENTADURA |
| 650 ## - Materia general | |
| Temática (materia general) | DIENTES ANTERIORES |
| 650 ## - Materia general | |
| Temática (materia general) | DIENTES POSTERIORES |
| 650 ## - Materia general | |
| Temática (materia general) | ARTICULACIÓN TEMPOROMANDIBULAR |
| 650 ## - Materia general | |
| Temática (materia general) | OCLUSIÓN |
| 650 ## - Materia general | |
| Temática (materia general) | DIENTES |
| 650 ## - Materia general | |
| Temática (materia general) | PERIODONTO |
| 650 ## - Materia general | |
| Temática (materia general) | DENTADURA INFANTIL |
| 942 ## - Punto de acceso adicional KOHA | |
| Tipo de ítem KOHA | Libro |
| Fuente del sistema de clasificación o colocación | Dewey Decimal Classification |
| Signatura completa | Código de barras | Programa Académico | Tipo de ítem |
|---|---|---|---|
| 611.314 R585a3 | 21255 | Mecánica Dental | Libro |
| 611.314 R585a3 | 21256 | Mecánica Dental | Libro |
| 611.314 R585a3 | 21257 | Mecánica Dental | Libro |